[Event "THA-ch"]
[Site "Bangkok"]
[Date "2015.11.08"]
[Round "5"]
[White "Yutithamnon, Surapole"]
[Black "Wattanarat, Pasawon"]
[Result "1/2-1/2"]
[WhiteElo "1952"]
[BlackElo "1914"]
[PlyCount "214"]
[EventDate "2015.11.06"]
[EventType "swiss"]
[EventRounds "9"]
[EventCountry "THA"]
[SourceTitle "CBM 169 Extra"]
[Source "ChessBase"]
[SourceDate "2015.12.18"]
[SourceVersion "1"]
[SourceVersionDate "2015.12.18"]
[SourceQuality "1"]

1. e4 c5 2. Nc3 d6 3. f4 Nf6 4. Nf3 a6 5. g3 b5 6. d3 Bb7 7. Bg2 d5 8. e5 d4 9. exf6 dxc3 10. bxc3 exf6 11. 0-0 Be7 12. a4 0-0 13. Qe2 Bd6 14. Re1 Nd7 15. axb5 axb5 16. Rxa8 Qxa8 17. Nd2 f5 18. Bxb7 Qxb7 19. Qf3 Qxf3 20. Nxf3 Ra8 21. Kf2 Nb6 22. Ke2 f6 23. Kd2 Kf7 24. Bb2 Ra2 25. Rb1 Na4 26. Bc1 b4 27. cxb4 cxb4 28. Nd4 Nc3 29. Rb2 Ra5 30. Ne2 Ra1 31. Nd4 g6 32. Nb3 Ra8 33. Ke1 Re8+ 34. Kf1 Re2 35. Nd4 Re8 36. Bd2 Bc5 37. Bxc3 bxc3 38. Rb7+ Re7 39. Rxe7+ Kxe7 40. Nb5 Bb4 41. Ke2 Kd7 42. Nd4 Kd6 43. Kf3 Kd5 44. Ne2 Ba5 45. h3 g5 46. g4 fxg4+ 47. hxg4 h6 48. fxg5 hxg5 49. Ke3 Bb6+ 50. d4 Kc4 51. Ke4 Ba7 52. d5 Bb8 53. Nd4 Kc5 54. Nf5 Bf4 55. Ne7 Kd6 56. Nc8+ Kc7 57. Na7 Kb6 58. Nc6 Kc5 59. Nd8 Kd6 60. Ne6 Bh2 61. Kd4 Bg1+ 62. Kc4 Bh2 63. Nd4 Be5 64. Nb5+ Kd7 65. Nxc3 f5 66. gxf5 g4 67. Nd1 Kd6 68. Ne3 g3 69. f6 Kd7 70. Kd3 Bxf6 71. Ke4 Bc3 72. Kf3 Be5 73. Nf5 Kc7 74. Nxg3 Kd6 75. c4 Kc5 76. Nf5 Kxc4 77. Ke4 Bh2 78. Ne3+ Kc5 79. Ng4 Bb8 80. Ne3 Kd6 81. Nc4+ Ke7 82. Kd4 Ba7+ 83. Ke5 Bb8+ 84. Kf5 Bh2 85. Ke4 Kd7 86. Ne3 Ke7 87. Nf5+ Kd7 88. Kd4 Bg1+ 89. Ke5 Bh2+ 90. Kf6 Bf4 91. Kf7 Be5 92. Kg6 Bf4 93. Kf6 Bh2 94. Kg5 Be5 95. Kg4 Bh2 96. Kf3 Be5 97. Ke4 Bh2 98. Nd4 Bg1 99. Nf3 Bf2 100. Ng5 Bg3 101. Nf7 Ke7 102. Ne5 Bxe5 103. Kxe5 Kd7 104. d6 Kd8 105. Kd5 Kd7 106. Kc5 Kd8 107. Kc6 Kc8 1/2-1/2

[Event "THA-ch"]
[Site "Bangkok"]
[Date "2015.11.06"]
[Round "1"]
[White "Chen, Noppakorn"]
[Black "Yutithamnon, Surapole"]
[Result "1-0"]
[WhiteElo "1367"]
[BlackElo "1952"]
[PlyCount "47"]
[EventDate "2015.11.06"]
[EventType "swiss"]
[EventRounds "9"]
[EventCountry "THA"]
[SourceTitle "CBM 169 Extra"]
[Source "ChessBase"]
[SourceDate "2015.12.18"]
[SourceVersion "1"]
[SourceVersionDate "2015.12.18"]
[SourceQuality "1"]

1. e4 Nc6 2. Nf3 e5 3. Bc4 Nf6 4. d3 h6 5. 0-0 Bc5 6. c3 0-0 7. Bb3 d6 8. Nbd2 Bg4 9. h3 Bh5 10. g4 Nxg4 11. hxg4 Bxg4 12. Qe1 Bh3 13. Kh2 Bxf1 14. Qxf1 Kh7 15. Nc4 f5 16. Qh3 fxe4 17. Ng5+ Kh8 18. Nxe4 Qe7 19. Bg5 Rxf2+ 20. Kh1 Rf6 21. Nxf6 gxf6 22. Qxh6+ Qh7 23. Bxf6+ Kg8 24. Nxd6+ 1-0

[Event "THA-ch"]
[Site "Bangkok"]
[Date "2015.11.06"]
[Round "2"]
[White "Yutithamnon, Surapole"]
[Black "Asavasaetakul, Chawit"]
[Result "1-0"]
[WhiteElo "1952"]
[BlackElo "1336"]
[PlyCount "109"]
[EventDate "2015.11.06"]
[EventType "swiss"]
[EventRounds "9"]
[EventCountry "THA"]
[SourceTitle "CBM 169 Extra"]
[Source "ChessBase"]
[SourceDate "2015.12.18"]
[SourceVersion "1"]
[SourceVersionDate "2015.12.18"]
[SourceQuality "1"]

1. f4 d5 2. Nf3 Nf6 3. e3 Bg4 4. Be2 Bxf3 5. Bxf3 c6 6. 0-0 Nbd7 7. d4 e6 8. Nd2 Qc7 9. b3 Bd6 10. c4 h6 11. c5 Be7 12. g3 0-0 13. Bb2 Rfe8 14. Qe2 Rab8 15. b4 a6 16. a3 Nh7 17. Rae1 f5 18. g4 fxg4 19. Bxg4 Bd8 20. Kh1 Ndf6 21. Bh3 Qf7 22. Rf3 Bc7 23. Rg1 Kh8 24. Rfg3 Rg8 25. Rg6 Rbe8 26. Nf3 Nf8 27. Nh4 Ne4 28. R6g4 Bd8 29. Ng6+ Nxg6 30. Rxg6 Bh4 31. R6g2 Qh5 32. Bg4 Qf7 33. Bf3 Nf6 34. Rg6 Nd7 35. Qg2 Bf6 36. Bh5 Qf8 37. Bc3 Re7 38. Be2 Qf7 39. Bd3 Nf8 40. Rg4 Nd7 41. Qh3 Nf8 42. Be1 Rd7 43. Bh4 Rc7 44. Bxf6 Qxf6 45. Qh5 Qf7 46. Qe5 Rd7 47. Bg6 Nxg6 48. Rxg6 Kh7 49. Rxe6 Rf8 50. Reg6 Rg8 51. R1g3 Re7 52. Qh5 Re6 53. Rxh6+ Rxh6 54. Qxf7 Rh8 55. Qxg7# 1-0

[Event "Bangkok op 14th"]
[Site "Bangkok"]
[Date "2014.04.12"]
[Round "1"]
[White "Yutithamnon, Surapole"]
[Black "Dale, Ari"]
[Result "0-1"]
[WhiteElo "1959"]
[BlackElo "2310"]
[PlyCount "54"]
[EventDate "2014.04.12"]
[EventType "swiss"]
[EventRounds "9"]
[EventCountry "THA"]
[SourceTitle "CBM 159 Extra"]
[Source "ChessBase"]
[SourceDate "2014.04.24"]
[SourceVersion "1"]
[SourceVersionDate "2014.04.24"]
[SourceQuality "1"]

1. f4 Nf6 2. Nf3 d5 3. e3 Bg4 4. Be2 Nbd7 5. b3 Bxf3 6. Bxf3 e5 7. fxe5 Nxe5 8. Bb2 Bd6 9. Nc3 c6 10. Qe2 Qe7 11. 0-0-0 0-0 12. g4 a5 13. g5 Nfd7 14. a4 Ba3 15. d4 Ng6 16. h4 Rfe8 17. h5 Ngf8 18. Bxa3 Qxa3+ 19. Kd2 Ne6 20. g6 fxg6 21. hxg6 h6 22. Qf2 Rf8 23. Qg2 Qb4 24. Bg4 Ng5 25. Kd3 Nf6 26. Na2 Qe7 27. Rdf1 Qe4+ 0-1